Beam-Helicity Asymmetries in Double-Pion Photoproduction off the Proton; Physical Review Letters; Vol. 103

Bibliografiske detaljer
Parent link:Physical Review Letters: Scientific Journal.— , 1958-
Vol. 103.— 2009.— [052002, 5 p.]
Andre forfattere: Krambrich D., Zehr F., Fiks (Fix) A. I. Alexander Ivanovich, Roca L., Aguar P.
Summary:Title screen
Beam-helicity asymmetries have been measured at the MAMI accelerator in Mainz in the three isospin channels γ-p→π+π0n, γ- p→π0π0p, and γ- p→π+π−p. The circularly polarized photons, produced from bremsstrahlung of longitudinally polarized electrons, were tagged with the Glasgow magnetic spectrometer. Charged pions and the decay photons of π0 mesons were detected in a 4πelectromagnetic calorimeter which combined the Crystal Ball detector with the TAPS detector. The precisely measured asymmetries are very sensitive to details of the production processes and are thus key observables in the modeling of the reaction dynamics.
Режим доступа: по договору с организацией-держателем ресурса
Sprog:engelsk
Udgivet: 2009
Fag:
Online adgang:http://dx.doi.org/10.1103/PhysRevLett.103.052002
Format: MixedMaterials Electronisk Book Chapter
KOHA link:https://koha.lib.tpu.ru/cgi-bin/koha/opac-detail.pl?biblionumber=651632

MARC

LEADER 00000naa0a2200000 4500
001 651632
005 20250324143832.0
035 |a (RuTPU)RU\TPU\network\16881 
035 |a RU\TPU\network\10124 
090 |a 651632 
100 |a 20161117d2009 k||y0rusy50 ba 
101 0 |a eng 
102 |a US 
135 |a drcn ---uucaa 
181 0 |a i  
182 0 |a b 
200 1 |a Beam-Helicity Asymmetries in Double-Pion Photoproduction off the Proton  |f D. Krambrich [et al.] 
203 |a Text  |c electronic 
300 |a Title screen 
320 |a [References: 37 tit.] 
330 |a Beam-helicity asymmetries have been measured at the MAMI accelerator in Mainz in the three isospin channels γ-p→π+π0n, γ- p→π0π0p, and γ- p→π+π−p. The circularly polarized photons, produced from bremsstrahlung of longitudinally polarized electrons, were tagged with the Glasgow magnetic spectrometer. Charged pions and the decay photons of π0 mesons were detected in a 4πelectromagnetic calorimeter which combined the Crystal Ball detector with the TAPS detector. The precisely measured asymmetries are very sensitive to details of the production processes and are thus key observables in the modeling of the reaction dynamics. 
333 |a Режим доступа: по договору с организацией-держателем ресурса 
461 |t Physical Review Letters  |o Scientific Journal  |d 1958- 
463 |t Vol. 103  |v [052002, 5 p.]  |d 2009 
610 1 |a электронный ресурс 
610 1 |a труды учёных ТПУ 
610 1 |a фоторождение 
701 1 |a Krambrich  |b D. 
701 1 |a Zehr  |b F. 
701 1 |a Fiks (Fix)  |b A. I.  |c Physicist  |c Professor of Tomsk Polytechnic University, Doctor of Physical and Mathematical Sciences  |f 1968-  |g Alexander Ivanovich  |3 (RuTPU)RU\TPU\pers\33830  |9 17419 
701 1 |a Roca  |b L. 
701 1 |a Aguar  |b P. 
801 2 |a RU  |b 63413507  |c 20161118  |g RCR 
856 4 0 |u http://dx.doi.org/10.1103/PhysRevLett.103.052002 
942 |c CF